ثقافة البحث العلمي (رقم التسجيلة. 8657)
[ عرض عادي ]
| 000 -الفاتح | |
|---|---|
| حقل البيانات ثابتة الطول | 00544nam a22001937a 4500 |
| 003 - محدد رقم الضبط | |
| رقم الضبط | OSt |
| 005 - وقت وتاريخ اخر تعامل مع التسجيلة | |
| رقم الضبط | 20150408113834.0 |
| 008 - عناصر البيانات ثابتة الطول - معلومات عامة | |
| حقل البيانات ثابتة الطول | 110626t xxu||||| |||| 00| 0ara d |
| 020 ## - الرقم الدولى المعيارى للكتب | |
| الرقم الدولى المعيارى للكتاب | 9957123254 |
| 040 ## - مصدر الفهرسة | |
| وكالة الفهرسة الأصلية | mu |
| لغة الفهرسة | ara |
| وكالة النسخ | mb |
| 082 ## - رقم تصنيف ديوى العشرى | |
| رقم الطبعة | 21 |
| رقم التصنيف | 001.4 |
| رقم المادة | ف غ ث |
| 100 ## - المدخل الرئيسى - إسم شخصى | |
| الإسم الشخصى | فريجات، غالب |
| 9 (RLIN) | 455 |
| 245 ## - بيان العنوان | |
| العنوان | ثقافة البحث العلمي |
| بيان المسئوليه,etc | غالب فريجات |
| 250 ## - بيان الطبعة | |
| بيان الطبعة | ط. 1. |
| 260 ## - PUBLICATION, DISTRIBUTION, ETC. (IMPRINT) | |
| مكان الناشر او الموزع | عمان |
| اسم الناشر او الموزع | دار اليازوري |
| تاريخ النشر أو التوزيع | 2011 |
| 300 ## - الوصف المادى | |
| التعداد | 368 ص |
| أبعاد الوعاء | 24 سم |
| 650 ## - المدخل الاضافى بالموضوع-مصطلح موضوعى | |
| مصطلح موضوعي أو اسم جغرافي كعنصر مدخل | البحث العلمي |
| 9 (RLIN) | 456 |
| 942 ## - عناصر المدخل الإضافي( كوها) | |
| مصدر التصنيف او مخطط الترفيف | Dewey Decimal Classification |
| Koha [default] item type | كتاب |
| حالة الفقد | نموذج السعر الفعال | حالة تلف | ليس للاعارة | رقم الطلب | تاريخ الاكتساب | الموقع الحالي | الباركود | الفرع الرئيسي | Date last checked out | Date last seen | نوع المادة فى نظام كوها | مصدر التصنيف او خطة الترفيف | Total Checkouts |
|---|---|---|---|---|---|---|---|---|---|---|---|---|---|
| 2013-03-10 | 001.4 ف غ ث | 2011-06-26 | المكتبة المركزية بالمجمعة (CL) | 00062312 | المكتبة المركزية بالمجمعة (CL) | 2024-06-09 | 2024-06-09 | كتاب | Dewey Decimal Classification | 1 | |||
| 2013-03-10 | 001.4 ف غ ث | 2011-06-26 | المكتبة المركزية بالمجمعة (CL) | 00062310 | المكتبة المركزية بالمجمعة (CL) | 2024-11-17 | 2024-11-17 | كتاب | Dewey Decimal Classification | 1 |
